Великий неспокій: Друга половина XII — XIII ст. (Запис № 17362)

000 -Маркер запису
Контрольне поле сталої довжини 01460nam a22002537a 4500
003 - Належність контрольного номера
Контрольне поле Uzh_bibl
008 - Кодовані дані
Контрольне поле сталої довжини 260416b |||||||| |||| 00| 0 ukr d
020 ## - Індекс ISBN
ISBN 5-319-00891-0
Ціна 3.56
040 ## - Джерело каталогіз.
Код мови каталог. укр.
041 ## - Код мови видання
Код мови оригіналу українська
Код мови тексту українська
080 ## - Індекс УДК
Індекс УДК 94(477)
090 ## - Шифри
Поличний індекс 94(477)
Авторський знак В 27
100 ## - Автор
Автор
245 ## - Назва
Назва Великий неспокій: Друга половина XII — XIII ст.
Відповідальність упоряд.і передм.В.М.Рички
Фізичний носій Текст
260 ## - Вихідні дані
Місце видання Київ
Видавництво Україна
Дата видання 1992
300 ## - Фізичний опис
Обсяг 431 с.
Тип одиниці В опр.
490 ## - Серія
Назва серії Серія"Історія України в прозових творах та документах)
520 ## - Анотація
Анотація Книга присвячена історії Давньоруської держави другої половини XII—XIII ст. До неї увійшли художні твори, що дають широку панораму історичних подій на українських землях, а також уривки з пам’яток давньоруського літописання, літературно-художніх творів того часу.
521 ## - Примітка про цільове призначення
Примітка про цільове призначення Для широкого кола читачів
546 ## - Примітка про мову
Примітка про мову укр.
650 ## - Тематичні рубрики
Основна рубрика Літературно-художне видання
Типове ділення Історична література
653 ## - Ключові слова
Ключові слова Історичні події
-- Давньоруське літописання
942 ## - ADDED ENTRY ELEMENTS (KOHA)
Джерело класифікації чи схема поличного розташування
Koha item type Книги
Фонди
Статус вилучення Статус втрати/відсутності Джерело класифікації чи схема поличного розташування Статус пошкодження Тип обігу (не для випозичання) Постійне розташування Поточне розташування Розташування у відділі Дата надходження Інвентарний номер Total Checkouts Повний (примірниковий) шифр зберігання Штрих-код Date last seen Дата, для якої чинна ціна заміни Тип одиниці (рівень примірника)
          Публічна бібліотека Публічна бібліотека Абонемент 16/04/2026 43763-2   94(477) 19313 16/04/2026 16/04/2026 Книги

Працює на АБІС Коха